00708nam a22002057a 450000500170000001000150001702000270003203500140005903700090007308200100008210000270009224500530011925000060017226000410017827000550021930000250027494200240029999900190032395201600034220250402141126.0 aENG-144459 a9789395401418c1475.00 aEN-127991 bDBAD a304.2 aPuri, Sidhartha980110 aSocial and Cultural AnthropologycSidhartha Puri a1 aNew Delhi bRajat Publicationsc2024 a4740/23, Ansari Road, DaryaganbNew Delhi e110002 axii, 260p.c24cm(Hb) 2ddccENmPURh304.2 c210655d210655 001040718NFICaDBADbDBADd2025-04-02eDelivery of Books Act Divisiong1475.00l0oPUR 304.2pEN-127991r2025-04-02 00:00:00t1v1475.00w2025-04-02yEN